| 000 | 00831nam a2200253 i 4500 | ||
|---|---|---|---|
| 001 | 000011350 | ||
| 003 | DO-SdBNP | ||
| 005 | 20250131083813.0 | ||
| 007 | ta | ||
| 008 | 091016s2001 dr 001 0 spa d | ||
| 040 |
_aDO-SdBNP _bspa _cBNPHU _erda |
||
| 049 | _aBNPD | ||
| 082 | 4 |
_axxx _bB582E _222 |
|
| 245 | 0 | 0 |
_aBiblioteca Enrique Apolinar Henríquez : _bcatálogo general diciembre 2001 / _cpresentación, Juan Daniel Balcácer. |
| 264 | 1 |
_aSanto Domingo : _bSociedad Dominicana de Bibliófilos, _c2001. |
|
| 300 |
_a477 páginas ; _c25 cm. |
||
| 336 |
_atexto _btxt _2rdacontent |
||
| 337 |
_asin mediación _bn _2rdamedia |
||
| 338 |
_avolumen _bnc _2rdacarrier |
||
| 500 | _aIncluye índice | ||
| 590 | _aInventariado, 2024/BT | ||
| 700 | 1 |
_aBalcácer, Juan Daniel, _d1949- _epresentación _4pres. _96566 |
|
| 942 |
_2ddc _cLBS1 |
||
| 999 |
_c11057 _d11057 |
||